Mathematical analysis and numerical methods for science and technology : (Record no. 29186)

000 -LEADER
fixed length control field 00858 a2200253 4500
003 - CONTROL NUMBER IDENTIFIER
control field NUST
005 - DATE AND TIME OF LATEST TRANSACTION
control field 20180118153157.0
008 - FIXED-LENGTH DATA ELEMENTS--GENERAL INFORMATION
fixed length control field 180118b xxu||||| |||| 00| 0 eng d
020 ## - INTERNATIONAL STANDARD BOOK NUMBER
International Standard Book Number 354066100X
020 ## - INTERNATIONAL STANDARD BOOK NUMBER
International Standard Book Number 9783540661009
082 04 - DEWEY DECIMAL CLASSIFICATION NUMBER
Classification number 515
100 1# - MAIN ENTRY--PERSONAL NAME
Personal name Dautray, Robert.
9 (RLIN) 8854
245 10 - TITLE STATEMENT
Title Mathematical analysis and numerical methods for science and technology :
Remainder of title .
Number of part/section of a work Volume 4 :
Remainder of title integral equations and numerical methods /
Statement of responsibility, etc. Robert Dautray, Jacques-Louis Lions, J.C. Amson, M. Artola, P. Benilan, M. Bernadou, M. Cessenat, J.-C. Nedelec, J. Planchard, B. Scheurer.
260 ## - PUBLICATION, DISTRIBUTION, ETC.
Place of publication, distribution, etc. [S.l.] :
Name of publisher, distributor, etc. Springer,
Date of publication, distribution, etc. 1990.
300 ## - PHYSICAL DESCRIPTION
Extent 504 p. ;
Dimensions 24 cm.
700 1# - ADDED ENTRY--PERSONAL NAME
Personal name Lions, Jacques-Louis.
9 (RLIN) 8855
700 1# - ADDED ENTRY--PERSONAL NAME
Personal name Amson, J.C.
9 (RLIN) 8856
700 1# - ADDED ENTRY--PERSONAL NAME
Personal name Artola, M.
9 (RLIN) 8857
700 1# - ADDED ENTRY--PERSONAL NAME
Personal name Benilan, P.
9 (RLIN) 8858
700 1# - ADDED ENTRY--PERSONAL NAME
Personal name Bernadou, M.
9 (RLIN) 8859
700 1# - ADDED ENTRY--PERSONAL NAME
Personal name Cessenat, M.
9 (RLIN) 8860
700 1# - ADDED ENTRY--PERSONAL NAME
Personal name Nedelec, J.-C.
9 (RLIN) 8861
700 1# - ADDED ENTRY--PERSONAL NAME
Personal name Planchard, J.
9 (RLIN) 8862
700 1# - ADDED ENTRY--PERSONAL NAME
Personal name Scheurer, B.
9 (RLIN) 8863
942 ## - ADDED ENTRY ELEMENTS (KOHA)
Institution code [OBSOLETE] SNS
Koha item type Book
Call number prefix 530 DAU
Source of classification or shelving scheme
Holdings
Withdrawn status Lost status Damaged status Not for loan Permanent Location Current Location Date acquired Total Checkouts Full call number Barcode Date last seen Price effective from Koha item type
        School of Natural Sciences (SNS) School of Natural Sciences (SNS) 05/26/2016   530 DAU SNS0000496 05/26/2016 05/26/2016 Book
© 2023 Central Library, National University of Sciences and Technology. All Rights Reserved.